[Event "August Summer op"]
[Site "Toronto CAN"]
[Date "1999.08.22"]
[Round "4"]
[White "Cohen, David"]
[Black "Roller, Robert"]
[Result "1-0"]
[WhiteElo "2027"]
[BlackElo "1958"]
[PlyCount "134"]
[GameId "2160767740584170"]
[EventDate "1999.08.20"]
[EventType "swiss"]
[EventRounds "5"]
[EventCountry "CAN"]

1. e4 e6 2. d4 d5 3. Nc3 Bb4 4. Bd3 c5 5. a3 Bxc3+ 6. bxc3 c4 7. Be2 Bd7 8. e5 Ba4 9. Nf3 Nc6 10. O-O Qa5 11. Bd2 Nge7 12. Ng5 Nd8 13. Bh5 g6 14. Bg4 Kd7 15. Qb1 Qb6 16. Qc1 h6 17. Nh3 Ng8 18. Rb1 Qa6 19. Nf4 Ne7 20. Qb2 Qa5 21. Nh3 b5 22. Qc1 Ng8 23. f4 Ne7 24. Bd1 Ndc6 25. Be1 Rag8 26. Qd2 Qc7 27. Bh4 Qc8 28. Bf6 Rh7 29. Kh1 a6 30. Qf2 Kc7 31. g4 Qf8 32. Qh4 Kd7 33. Ng5 Rhh8 34. Nf3 Rh7 35. Qf2 Ke8 36. Ng1 Nb8 37. Ne2 Nd7 38. Ng3 Nxf6 39. exf6 Nc6 40. Re1 Kd7 41. f5 Qd6 42. fxe6+ fxe6 43. g5 hxg5 44. Bg4 Nd8 45. Re5 Rgh8 46. Nf1 Rf8 47. Rxg5 Rh6 48. Re1 Qxa3 49. Rxd5+ Kc6 50. Rc5+ Kb6 51. Qf4 Nc6 52. Rxe6 Rxh2+ 53. Qxh2 b4 54. Rexc6+ Bxc6+ 55. Kg1 Qxc3 56. Qe5 Rh8 57. Rxc6+ Kxc6 58. Qc5+ Kb7 59. f7 b3 60. cxb3 Qxb3 61. Qe7+ Kb6 62. Qf6+ Ka5 63. Qxh8 c3 64. Qd8+ Ka4 65. Bd7+ Ka3 66. f8=Q+ Ka2 67. Qg8 Kb2 {Black lost on time} 1-0

[Event "August Summer op"]
[Site "Toronto CAN"]
[Date "1999.08.22"]
[Round "4"]
[White "Filipovich, David"]
[Black "Vaingorten, Yaaqov"]
[Result "1-0"]
[WhiteElo "2356"]
[BlackElo "2327"]
[PlyCount "95"]
[GameId "2160767911742422"]
[EventDate "1999.08.20"]
[EventType "swiss"]
[EventRounds "5"]
[EventCountry "CAN"]

1. Nf3 Nf6 2. g3 g6 3. Bg2 Bg7 4. O-O O-O 5. d4 d6 6. b3 c5 7. Bb2 Ne8 8. c4 Nc6 9. Qd2 Nf6 10. Nc3 cxd4 11. Nxd4 Qb6 12. e3 Nxd4 13. exd4 Bf5 14. Rfe1 Rfe8 15. d5 Rad8 16. Nb5 Nh5 17. Bd4 Bxd4 18. Nxd4 Bc8 19. Re3 a6 20. Rae1 Qc7 21. Qe2 Kf8 22. Qf3 Kg8 23. Qe2 Kf8 24. h3 Nf6 25. Kh2 Ng8 26. f4 Nf6 27. a4 Qc5 28. Qd2 Qc7 29. Bf3 Qd7 30. Bg2 Qc7 31. R3e2 Ng8 32. g4 Nf6 33. f5 Ng8 34. fxg6 hxg6 35. g5 Kg7 36. Qc3 Kf8 37. Rf2 f6 38. Ne6+ Bxe6 39. Rxe6 Kg7 40. Qg3 Rf8 41. Be4 f5 42. Qc3+ Kh7 43. Rf4 fxe4 44. Rh4+ Nh6 45. Rxh6+ Kg8 46. Qh8+ Kf7 47. Qh7+ Ke8 48. Qxg6+ 1-0

[Event "August Summer op"]
[Site "Toronto CAN"]
[Date "1999.08.22"]
[Round "4"]
[White "Spraggett, Kevin"]
[Black "Livshits, Ron"]
[Result "1-0"]
[WhiteElo "2653"]
[BlackElo "2524"]
[PlyCount "59"]
[GameId "2160767911742423"]
[EventDate "1999.08.20"]
[EventType "swiss"]
[EventRounds "5"]
[EventCountry "CAN"]

1. e4 c5 2. Nf3 d6 3. d4 cxd4 4. Nxd4 Nf6 5. Nc3 a6 6. Be2 e6 7. O-O Be7 8. a4 Nc6 9. Be3 Qc7 10. f4 O-O 11. Kh1 Re8 12. Bd3 Bf8 13. Qf3 Nxd4 14. Bxd4 e5 15. Be3 exf4 16. Bd4 Be7 17. Qxf4 Be6 18. Nd5 Bxd5 19. exd5 Qd7 20. Qh4 Qg4 21. Bxh7+ Kf8 22. Qf2 Qh5 23. Bf5 Nxd5 24. Bg4 Qg6 25. Bd7 Red8 26. Bf5 Qh5 27. g4 Qh4 28. Qg2 Nf6 29. Ra3 Ng8 30. Rh3 1-0

[Event "August Summer op"]
[Site "Toronto CAN"]
[Date "1999.08.22"]
[Round "5"]
[White "Lebedev, Iuri"]
[Black "Cohen, David"]
[Result "1-0"]
[WhiteElo "1995"]
[BlackElo "2027"]
[PlyCount "95"]
[GameId "2160767911742424"]
[EventDate "1999.08.20"]
[EventType "swiss"]
[EventRounds "5"]
[EventCountry "CAN"]

1. d4 Nf6 2. Nf3 c5 3. e3 cxd4 4. exd4 g6 5. Bd3 Bg7 6. O-O O-O 7. c3 d6 8. Bg5 Bg4 9. h3 Bd7 10. Nbd2 Nc6 11. Re1 Rc8 12. Ne4 Nxe4 13. Bxe4 Re8 14. Qd2 Qc7 15. Rad1 Na5 16. Bd3 Be6 17. Bb5 Bd7 18. Bxd7 Qxd7 19. d5 Nc4 20. Qe2 Nxb2 21. Qxb2 Bxc3 22. Qb3 Bxe1 23. Rxe1 Rc5 24. Nd4 Qc7 25. h4 Qa5 26. Nf3 Rc3 27. Qxb7 Rc7 28. Qb2 Qxd5 29. h5 e5 30. h6 f5 31. Re2 Qf7 32. Rd2 Qe6 33. Qb5 Rd7 34. Rd5 Qf7 35. a4 Rb7 36. Qc6 Rb6 37. Qc4 Rb1+ 38. Kh2 Rd1 39. Nd2 Rc1 40. Qd3 Rc6 41. Nc4 Rc5 42. Rxc5 dxc5 43. Nd6 Qd7 44. Qb3+ c4 45. Qxc4+ Re6 46. Nb7 Kh8 47. Nd8 Re8 48. Bf6+ 1-0

[Event "August act op"]
[Site "Winnipeg CAN"]
[Date "1999.08.31"]
[Round "4"]
[White "Rasmussen, Barry"]
[Black "Baragar, Fletcher"]
[Result "1-0"]
[WhiteElo "2240"]
[BlackElo "2305"]
[PlyCount "76"]
[GameId "2160767911742300"]
[EventDate "1999.08.31"]
[EventType "rapid"]
[EventRounds "5"]
[EventCountry "CAN"]
[SourceTitle "EXT 2002"]
[Source "ChessBase"]
[SourceDate "2001.11.25"]
[SourceVersion "1"]
[SourceVersionDate "2001.11.25"]
[SourceQuality "1"]

1. e4 e6 2. d4 d5 3. Nd2 Nf6 4. e5 Nfd7 5. c3 c5 6. Bd3 Nc6 7. Ne2 cxd4 8. cxd4 Qb6 9. Nf3 f6 10. exf6 Nxf6 11. O-O Bd6 12. b3 O-O 13. Bf4 Bxf4 14. Nxf4 Ne4 15. Ne2 Bd7 16. Rc1 Nf6 17. Bb1 Rac8 18. Re1 Qb4 19. Nc3 Qd6 20. Ne5 Be8 21. Re3 Qb8 22. Ng4 Qf4 23. Nxf6+ Rxf6 24. Qe1 Nxd4 25. Rd1 Bh5 26. Rdd3 Bg6 27. Rd2 Bxb1 28. Nxb1 Rcf8 29. Nc3 Nc6 30. Rxe6 d4 31. Nd5 Qg5 32. Nxf6+ gxf6 33. Rd3 Kh8 34. Re8 Qg8 35. Rxf8 Qxf8 36. h4 Qg8 37. Qe4 Qg6 38. Qxg6 hxg6 1-0

[Event "Autumn Frost"]
[Site "Ottawa CAN"]
[Date "1999.11.25"]
[Round "2"]
[White "Devenport, Martin"]
[Black "Pacey, Kevin"]
[Result "1-0"]
[WhiteElo "2255"]
[BlackElo "2330"]
[PlyCount "75"]
[GameId "2160767911741827"]
[EventDate "1999.11.18"]
[EventType "swiss"]
[EventRounds "5"]
[EventCountry "CAN"]

1. d4 e6 2. c4 Nf6 3. Nc3 Bb4 4. Bg5 h6 5. Bh4 c5 6. d5 Bxc3+ 7. bxc3 e5 8. e3 d6 9. Qa4+ Nbd7 10. Bd3 e4 11. Bc2 g5 12. Bg3 Qe7 13. Ne2 Kf8 14. Rb1 Kg7 15. Kd2 Qe8 16. Bxd6 Nb6 17. Qb3 Nfd7 18. Ng3 Ne5 19. Bxc5 Nexc4+ 20. Ke1 Bd7 21. Bxb6 Nxb6 22. c4 f6 23. Bxe4 Rc8 24. Bd3 h5 25. h4 g4 26. Ke2 Qe5 27. Rhc1 Na4 28. Nf5+ Kg8 29. Nd4 b6 30. g3 Kg7 31. Ne6+ Bxe6 32. Qxa4 Bf7 33. Qxa7 Ra8 34. Qxb6 Rhb8 35. Qd4 Rxa2+ 36. Kf1 Rxb1 37. Rxb1 Bg6 38. Bxg6 1-0

[Event "Autumn Frost"]
[Site "Ottawa CAN"]
[Date "1999.12.02"]
[Round "3"]
[White "Pacey, Kevin"]
[Black "Djerkovic, Miladin"]
[Result "0-1"]
[WhiteElo "2330"]
[BlackElo "2314"]
[PlyCount "30"]
[GameId "2160767911741828"]
[EventDate "1999.11.18"]
[EventType "swiss"]
[EventRounds "5"]
[EventCountry "CAN"]

1. e4 c5 2. Nf3 d6 3. d4 cxd4 4. Qxd4 Nc6 5. Bb5 Bd7 6. Bxc6 bxc6 7. Nc3 e5 8. Qd3 Be7 9. O-O h6 10. b3 Be6 11. Ba3 Qa5 12. Na4 Nf6 13. Nd2 O-O 14. Nc4 Bxc4 15. Qxc4 d5 0-1

[Event "Autumn Frost"]
[Site "Ottawa CAN"]
[Date "1999.12.16"]
[Round "4"]
[White "Pacey, Kevin"]
[Black "Devenport, Martin"]
[Result "1/2-1/2"]
[WhiteElo "2330"]
[BlackElo "2255"]
[PlyCount "68"]
[GameId "2160767911741829"]
[EventDate "1999.11.18"]
[EventType "swiss"]
[EventRounds "5"]
[EventCountry "CAN"]

1. e4 e5 2. Nf3 Nc6 3. d4 exd4 4. c3 d3 5. Bxd3 Bc5 6. Nbd2 d6 7. Nc4 a6 8. Be3 b5 9. Ncd2 Bxe3 10. fxe3 Nge7 11. Nb3 Ng6 12. Nbd4 Nce5 13. O-O O-O 14. a4 Nxd3 15. Qxd3 Ne5 16. Qc2 Bd7 17. Nxe5 dxe5 18. Nf5 g6 19. Ng3 bxa4 20. Rfd1 Qe7 21. Rd5 Bc6 22. Ra5 Rfd8 23. c4 f6 24. Qc3 Qd6 25. b3 Qd2 26. Qxd2 Rxd2 27. bxa4 Rb8 28. Rxa6 Bd7 29. Nf1 Rc2 30. Rd1 Bg4 31. Rd2 Rxc4 32. h3 Bc8 33. Rd8+ Kf7 34. Ra5 Rc1 1/2-1/2

[Event "Battle of Alberta"]
[Site "Red Deer CAN"]
[Date "1999.08.14"]
[Round "1"]
[White "Clark, Alan"]
[Black "Dean, Tim"]
[Result "0-1"]
[WhiteElo "1948"]
[BlackElo "1963"]
[PlyCount "82"]
[GameId "2160767911742430"]
[EventDate "1999.08.14"]
[EventType "team"]
[EventRounds "2"]
[EventCountry "CAN"]

1. e4 e5 2. Bc4 Nf6 3. d3 Bc5 4. Nf3 Nc6 5. c3 O-O 6. O-O d6 7. Re1 Na5 8. Bb5 c6 9. Ba4 b5 10. Bc2 Bb6 11. b4 Nb7 12. a4 Qe7 13. Nbd2 Bg4 14. Nf1 a5 15. h3 Bxf3 16. Qxf3 axb4 17. cxb4 Bd4 18. Ra3 bxa4 19. Ng3 Bb6 20. Nf5 Qc7 21. Nxg7 Ne8 22. Nxe8 Rfxe8 23. Qg4+ Kh8 24. Bg5 Re6 25. Qf5 Rg6 26. Rxa4 Rxa4 27. Bxa4 Nd8 28. Bxd8 Qxd8 29. Re2 Qg8 30. g4 Rg5 31. Qf6+ Qg7 32. Qxd6 h5 33. Qb8+ Kh7 34. Qxb6 hxg4 35. h4 Rh5 36. Qd8 Qh6 37. Rc2 Rxh4 38. Kf1 Rh1+ 39. Ke2 g3 40. Qe7 Qh5+ 41. Kd2 gxf2 0-1

[Event "Battle of Alberta"]
[Site "Red Deer CAN"]
[Date "1999.08.14"]
[Round "1"]
[White "Demers, Chris"]
[Black "Grumic, Sasha"]
[Result "0-1"]
[WhiteElo "2285"]
[BlackElo "2226"]
[PlyCount "46"]
[GameId "2160767911742431"]
[EventDate "1999.08.14"]
[EventType "team"]
[EventRounds "2"]
[EventCountry "CAN"]

1. e4 c5 2. Nc3 Nc6 3. Nge2 g6 4. g3 Bg7 5. Bg2 Rb8 6. O-O b5 7. d3 b4 8. Nd5 e6 9. Ne3 Nge7 10. f4 d5 11. f5 exf5 12. exd5 Nd4 13. c4 bxc3 14. bxc3 Nxe2+ 15. Qxe2 O-O 16. Bd2 Re8 17. c4 f4 18. Nc2 Nf5 19. Qf3 Rb2 20. Rac1 Nd4 21. Qd1 Ne2+ 22. Kh1 fxg3 23. hxg3 Nxg3+ 0-1

[Event "Battle of Alberta"]
[Site "Red Deer CAN"]
[Date "1999.08.14"]
[Round "1"]
[White "Ferrar, John"]
[Black "Newton, Geoff"]
[Result "1-0"]
[WhiteElo "2141"]
[BlackElo "2053"]
[PlyCount "39"]
[GameId "2160767911742432"]
[EventDate "1999.08.14"]
[EventType "team"]
[EventRounds "2"]
[EventCountry "CAN"]

1. e4 Nf6 2. e5 Nd5 3. d4 d6 4. Nf3 Bg4 5. Be2 g6 6. h3 Bxf3 7. Bxf3 c6 8. O-O Bg7 9. c4 Nc7 10. Qe2 dxe5 11. dxe5 Qd4 12. Nc3 Qxe5 13. Be3 O-O 14. Rad1 Ne6 15. Rd2 Qc7 16. Rfd1 Rd8 17. Bg4 f5 18. Bb6 Nd4 19. Rxd4 axb6 20. Qe6+ 1-0

[Event "Battle of Alberta"]
[Site "Red Deer CAN"]
[Date "1999.08.14"]
[Round "1"]
[White "Ficko, Brady"]
[Black "Thimm, Harald"]
[Result "0-1"]
[WhiteElo "1986"]
[BlackElo "1981"]
[PlyCount "94"]
[GameId "2160767911742433"]
[EventDate "1999.08.14"]
[EventType "team"]
[EventRounds "2"]
[EventCountry "CAN"]

1. e4 c6 2. d4 d5 3. e5 Bf5 4. Nf3 Nd7 5. Nh4 Bg6 6. e6 fxe6 7. Nxg6 hxg6 8. Bd3 Ndf6 9. Bxg6+ Kd7 10. Qe2 Nh6 11. Bf4 Nf5 12. c3 Nh4 13. O-O Nxg6 14. Bc1 Qc7 15. f4 Nh4 16. Nd2 g6 17. g3 Nf5 18. Re1 Ng7 19. b3 Qa5 20. Bb2 Qc7 21. Rac1 Qa5 22. a3 Qa6 23. c4 b6 24. Nf3 Ne4 25. Ne5+ Ke8 26. Qg4 Rh6 27. Nxg6 Nf5 28. Ne5 Bg7 29. Nxc6 Nf6 30. Qf3 Ne4 31. cxd5 exd5 32. Rxe4 dxe4 33. Qxe4 Qb7 34. Qxf5 Rxc6 35. Qb5 Bxd4+ 36. Bxd4 Rac8 37. Rxc6 Rxc6 38. h4 Qd7 39. Qh5+ Kd8 40. Qh8+ Kc7 41. Be5+ Kb7 42. Qh5 Rc1+ 43. Kf2 Qd2+ 44. Qe2 Qd5 45. g4 Rh1 46. Kg3 Rg1+ 47. Kh2 Qh1# 0-1

[Event "Battle of Alberta"]
[Site "Red Deer CAN"]
[Date "1999.08.14"]
[Round "1"]
[White "Gomboc, Dave"]
[Black "Watson, Walter"]
[Result "1-0"]
[WhiteElo "2074"]
[BlackElo "2050"]
[PlyCount "127"]
[GameId "2160767911742434"]
[EventDate "1999.08.14"]
[EventType "team"]
[EventRounds "2"]
[EventCountry "CAN"]

1. e4 e6 2. d4 d5 3. Nd2 Nf6 4. e5 Nfd7 5. Bd3 c5 6. c3 Nc6 7. Ne2 cxd4 8. cxd4 Qb6 9. Nf3 f6 10. exf6 Nxf6 11. O-O Bd6 12. Nc3 O-O 13. Re1 a6 14. a3 Bd7 15. Bc2 Qc7 16. Qd3 Bf4 17. b4 Bxc1 18. Raxc1 Qf4 19. Ne2 Qh6 20. Ng3 Rae8 21. Bb3 Kh8 22. Rcd1 Re7 23. Qe3 Qxe3 24. Rxe3 Rfe8 25. h3 Nd8 26. Rde1 Nf7 27. Nf5 Ne4 28. Nxe7 Rxe7 29. Rc1 Bc6 30. Re2 g6 31. Ne5 Nxe5 32. dxe5 Rf7 33. f3 Ng3 34. Ree1 Nh5 35. a4 Nf4 36. Bc2 d4 37. Rcd1 d3 38. Bb3 Rd7 39. Kf2 Rd4 40. b5 axb5 41. axb5 d2 42. Re3 Bxb5 43. Re4 Nd3+ 44. Ke3 Rxe4+ 45. fxe4 Nc5 46. Ba2 Bc6 47. Rxd2 Kg7 48. Bb1 Kf7 49. Rb2 Na4 50. Rb4 Nc5 51. Kd4 Na6 52. Rb2 Nc7 53. Bd3 Ke7 54. Kc5 Kd7 55. Rb1 Na8 56. Rb2 b6+ 57. Kd4 Kc7 58. Rf2 b5 59. Kc5 Nb6 60. Rf7+ Nd7+ 61. Kd4 Kb6 62. Rxh7 Ka5 63. Rg7 b4 64. Rxg6 1-0

[Event "Battle of Alberta"]
[Site "Red Deer CAN"]
[Date "1999.08.14"]
[Round "1"]
[White "Hughey, Micah"]
[Black "Daniluk, Jim"]
[Result "1-0"]
[WhiteElo "2073"]
[BlackElo "2175"]
[PlyCount "75"]
[GameId "2160767911742435"]
[EventDate "1999.08.14"]
[EventType "team"]
[EventRounds "2"]
[EventCountry "CAN"]

1. d4 Nf6 2. Nf3 b5 3. Bg5 Bb7 4. e3 a6 5. Nbd2 d5 6. a4 c6 7. Bd3 Nbd7 8. O-O h6 9. Bh4 e6 10. Ne5 Be7 11. f4 Nxe5 12. fxe5 Nd7 13. Qh5 O-O 14. Rf4 Bxh4 15. Rxh4 f5 16. g4 f4 17. Nf3 fxe3 18. g5 Rxf3 19. Qxf3 c5 20. c3 e2 21. Rg4 h5 22. Rg2 cxd4 23. cxd4 Qb6 24. Qe3 bxa4 25. Rxe2 Rf8 26. Rxa4 a5 27. Ra1 Ba6 28. Bxa6 Qxa6 29. Rf2 Qb5 30. Rxf8+ Nxf8 31. Qd2 Nd7 32. Rxa5 Qb6 33. Ra8+ Kf7 34. b4 Kg6 35. Kg2 Qc6 36. Qd3+ Kf7 37. g6+ Ke7 38. Rg8 1-0

[Event "Battle of Alberta"]
[Site "Red Deer CAN"]
[Date "1999.08.14"]
[Round "1"]
[White "Kuczaj, Chris"]
[Black "Bjornsson, Yngvi"]
[Result "0-1"]
[WhiteElo "2127"]
[BlackElo "2098"]
[PlyCount "84"]
[GameId "2160767911742436"]
[EventDate "1999.08.14"]
[EventType "team"]
[EventRounds "2"]
[EventCountry "CAN"]

1. Nf3 d5 2. d4 c6 3. c4 e6 4. g3 dxc4 5. Bg2 b5 6. O-O Nf6 7. a4 Bb7 8. b3 cxb3 9. Qxb3 Qb6 10. Nbd2 Nbd7 11. a5 Qc7 12. e4 a6 13. Ng5 c5 14. Nxe6 fxe6 15. Qxe6+ Be7 16. e5 Bxg2 17. Kxg2 Qb7+ 18. Kg1 Qd5 19. Qh3 Ne4 20. Qg2 Nc3 21. Qxd5 Nxd5 22. e6 N7f6 23. dxc5 Bxc5 24. Bb2 O-O 25. Nb3 Ba7 26. Bd4 Bxd4 27. Nxd4 Rac8 28. Rac1 Rc4 29. Rcd1 g6 30. Rfe1 Rfc8 31. f4 Ra4 32. f5 Rxa5 33. g4 g5 34. h4 h6 35. hxg5 hxg5 36. Nf3 Ra3 37. Ne5 Rc2 38. e7 Rg3+ 39. Kh1 Rh3+ 40. Kg1 Nf4 41. Rd8+ Kh7 42. Rh8+ Kxh8 0-1

[Event "Battle of Alberta"]
[Site "Red Deer CAN"]
[Date "1999.08.14"]
[Round "1"]
[White "Quiring, John"]
[Black "Milne, Arthur"]
[Result "1/2-1/2"]
[WhiteElo "1949"]
[BlackElo "1930"]
[PlyCount "59"]
[GameId "2160767911742437"]
[EventDate "1999.08.14"]
[EventType "team"]
[EventRounds "2"]
[EventCountry "CAN"]

1. e4 e6 2. d4 d5 3. exd5 exd5 4. Bd3 Nc6 5. c3 Bd6 6. Nf3 Nge7 7. O-O O-O 8. Bg5 f6 9. Bh4 Ng6 10. Qc2 Nce7 11. c4 dxc4 12. Qxc4+ Kh8 13. Nc3 Nf4 14. Rfe1 Nxd3 15. Qxd3 c6 16. Rad1 Bf5 17. Qc4 Nd5 18. Bg3 Bxg3 19. hxg3 Qd7 20. Nxd5 cxd5 21. Qb4 Rfe8 22. Rc1 b6 23. Nd2 h6 24. Nf1 Bg6 25. Qc3 Rxe1 26. Qxe1 Re8 27. Qd2 Rc8 28. Rxc8+ Qxc8 29. Ne3 Qc6 30. a3 1/2-1/2

[Event "Battle of Alberta"]
[Site "Red Deer CAN"]
[Date "1999.08.14"]
[Round "1"]
[White "Usselman, Paul"]
[Black "Olson, Hans"]
[Result "0-1"]
[WhiteElo "1996"]
[BlackElo "2055"]
[PlyCount "74"]
[GameId "2160767911742438"]
[EventDate "1999.08.14"]
[EventType "team"]
[EventRounds "2"]
[EventCountry "CAN"]

1. d4 Nf6 2. c4 c5 3. d5 e6 4. Nc3 exd5 5. cxd5 d6 6. e4 g6 7. f4 Bg7 8. Bb5+ Nfd7 9. Nf3 a6 10. Bd3 b5 11. Be3 b4 12. Na4 O-O 13. O-O Re8 14. Kh1 Nf6 15. Nd2 Bd7 16. Bg1 Qa5 17. b3 Bxa4 18. bxa4 Nbd7 19. Nc4 Qc7 20. Qc2 Nb6 21. Rae1 Nxc4 22. Bxc4 Nd7 23. Qd3 Qa5 24. e5 dxe5 25. d6 Rf8 26. Bd5 Rad8 27. f5 g5 28. Bc6 Qb6 29. Bxd7 Rxd7 30. f6 Rxd6 31. Qc4 Rxf6 32. Bxc5 Rc8 33. Rxf6 Bxf6 34. Rc1 Qa5 35. h4 Qxa4 36. hxg5 Be7 37. Rf1 Qe8 0-1

[Event "Battle of Alberta"]
[Site "Red Deer CAN"]
[Date "1999.08.14"]
[Round "1"]
[White "Weis, Rod"]
[Black "Brazeau, David"]
[Result "1-0"]
[WhiteElo "1901"]
[BlackElo "1816"]
[PlyCount "89"]
[GameId "2160767911742439"]
[EventDate "1999.08.14"]
[EventType "team"]
[EventRounds "2"]
[EventCountry "CAN"]

1. d4 Nf6 2. c4 e6 3. Nc3 Bb4 4. e3 b6 5. Be2 Bb7 6. Bf3 d5 7. Nge2 O-O 8. a3 Bd6 9. cxd5 Nxd5 10. Qb3 c6 11. e4 Nxc3 12. Qxc3 Qc7 13. e5 Be7 14. Be3 c5 15. Rc1 Bxf3 16. gxf3 Qb7 17. dxc5 Qxf3 18. Rg1 g6 19. cxb6 axb6 20. Bxb6 Qe4 21. Qe3 Qh4 22. Qf4 Qxf4 23. Nxf4 Ra4 24. Be3 Rd8 25. Nh5 Nd7 26. f4 Re4 27. Ke2 Bc5 28. Rxc5 Nxc5 29. Nf6+ Kg7 30. Nxe4 Nxe4 31. Rd1 Rc8 32. Kf3 f5 33. Rd7+ Kh6 34. a4 Rc2 35. b4 Rxh2 36. a5 Rh3+ 37. Ke2 Nc3+ 38. Kd2 Rh2+ 39. Kxc3 Rh3 40. Rd3 Rh1 41. a6 Ra1 42. b5 Ra3+ 43. Kc4 Ra4+ 44. Kb3 Ra1 45. Kb4 1-0

[Event "Battle of Alberta"]
[Site "Red Deer CAN"]
[Date "1999.08.15"]
[Round "1"]
[White "Fullbrook, Nigel"]
[Black "South, Robert"]
[Result "0-1"]
[WhiteElo "2225"]
[BlackElo "2225"]
[PlyCount "84"]
[GameId "2160767911742440"]
[EventDate "1999.08.14"]
[EventType "team"]
[EventRounds "2"]
[EventCountry "CAN"]
[SourceTitle "EXT 2005"]
[Source "ChessBase"]
[SourceDate "2004.11.15"]
[SourceVersion "1"]
[SourceVersionDate "2004.11.15"]
[SourceQuality "1"]

1. e4 Nc6 2. d4 e5 3. Nf3 exd4 4. c3 Nf6 5. cxd4 Nxe4 6. d5 Bc5 7. Be3 Bxe3 8. fxe3 Ne7 9. Bd3 f5 10. d6 Nxd6 11. Nc3 O-O 12. Qb3+ Kh8 13. O-O-O b6 14. h4 Bb7 15. Rh2 Qe8 16. Ng5 Ng6 17. Re1 Ne5 18. Bc2 Ng4 19. Rhh1 Nf2 20. Rhf1 Nde4 21. g4 Nxg5 22. Rxf2 Nf3 23. Ree2 fxg4 24. Qc4 g3 25. Rf1 Ne5 26. Rxf8+ Qxf8 27. Qxc7 Qf1+ 28. Bd1 Bf3 29. Qxe5 Bxe2 30. Nxe2 g2 31. Qg3 Rf8 32. Kd2 Qf2 33. Qg5 d5 34. Bc2 d4 35. exd4 Re8 36. Be4 g1=Q 37. Qxg1 Qxg1 38. Nxg1 Rxe4 39. Nf3 Kg8 40. Kd3 Rg4 41. d5 Kf8 42. d6 Rg6 0-1

[Event "Battle of Alberta"]
[Site "Red Deer CAN"]
[Date "1999.08.14"]
[Round "2"]
[White "Bjornsson, Yngvi"]
[Black "Kuczaj, Chris"]
[Result "0-1"]
[WhiteElo "2232"]
[BlackElo "2127"]
[PlyCount "60"]
[GameId "2160767911742442"]
[EventDate "1999.08.14"]
[EventType "team"]
[EventRounds "2"]
[EventCountry "CAN"]

1. e4 c6 2. d4 d5 3. e5 Bf5 4. Nc3 e6 5. g4 Bg6 6. Nge2 c5 7. h4 h6 8. f4 Nc6 9. Be3 Be7 10. h5 Bh7 11. a3 Bh4+ 12. Bf2 Bxf2+ 13. Kxf2 cxd4 14. Nb5 d3 15. Nd6+ Kf8 16. cxd3 Qb6+ 17. d4 Qxb2 18. f5 exf5 19. gxf5 Nxe5 20. dxe5 Qxe5 21. Nxb7 Qxf5+ 22. Kg1 Qg5+ 23. Bg2 Be4 24. Qf1 Qe7 25. Nf4 Nf6 26. Bxe4 dxe4 27. Qa6 Ne8 28. Rf1 Qg5+ 29. Ng2 Rc8 30. Nd6 Qc5+ 0-1

[Event "Battle of Alberta"]
[Site "Red Deer CAN"]
[Date "1999.08.14"]
[Round "2"]
[White "Brazeau, David"]
[Black "Weis, Rod"]
[Result "0-1"]
[WhiteElo "1816"]
[BlackElo "1901"]
[PlyCount "112"]
[GameId "2160767911742443"]
[EventDate "1999.08.14"]
[EventType "team"]
[EventRounds "2"]
[EventCountry "CAN"]

1. d4 Nf6 2. c4 g6 3. Nc3 Bg7 4. e4 d6 5. f3 O-O 6. Be3 Nbd7 7. Qd2 c5 8. d5 Qa5 9. Bh6 Rd8 10. Bxg7 Kxg7 11. Bd3 Nf8 12. Nge2 Bd7 13. Ng3 a6 14. O-O b5 15. f4 h5 16. f5 h4 17. Nge2 bxc4 18. Bxc4 N8h7 19. fxg6 fxg6 20. Qc2 Ng4 21. Qd2 Qb4 22. Bb3 Rf8 23. Nf4 c4 24. Qd4+ Ne5 25. Nd3 Qb8 26. Nxe5 dxe5 27. Qxc4 Qb6+ 28. Kh1 Rac8 29. Qe2 Nf6 30. Qf2 Nxd5 31. Qxh4 Nf6 32. Rad1 Rh8 33. Qf2 Rxh2+ 34. Kxh2 Ng4+ 35. Kg3 Nxf2 36. Rxf2 Qe3+ 37. Rf3 Qg5+ 38. Kf2 Qh4+ 39. Kg1 Bg4 40. Rf7+ Kh6 41. Rdf1 e6 42. Rf8 Rxf8 43. Rxf8 Qg3 44. Na4 Qe1+ 45. Rf1 Qxe4 46. Nc3 Qd4+ 47. Kh2 e4 48. Rf4 Qe5 49. g3 Bf3 50. Bd1 g5 51. Rf8 Bxd1 52. Nxd1 e3 53. b4 e2 54. Nf2 e1=Q 55. Ng4+ Kg6 56. Nxe5+ Qxe5 0-1

[Event "Battle of Alberta"]
[Site "Red Deer CAN"]
[Date "1999.08.14"]
[Round "2"]
[White "Daniluk, Jim"]
[Black "Hughey, Micah"]
[Result "0-1"]
[WhiteElo "2175"]
[BlackElo "2073"]
[PlyCount "114"]
[GameId "2160767911742444"]
[EventDate "1999.08.14"]
[EventType "team"]
[EventRounds "2"]
[EventCountry "CAN"]

1. d4 d5 2. c4 e6 3. Nc3 c5 4. cxd5 exd5 5. Nf3 Nc6 6. g3 Nf6 7. Bg2 Be7 8. O-O O-O 9. e3 Bg4 10. h3 Be6 11. dxc5 Qd7 12. Ne2 Bxh3 13. Bxh3 Qxh3 14. Nf4 Qg4 15. Nh2 Qd7 16. Nd3 Ne4 17. b4 Bf6 18. Rb1 Nc3 19. Qc2 Nxb1 20. Qxb1 Qf5 21. g4 Qe4 22. f3 Qc4 23. Bd2 Ne5 24. Nf4 Rad8 25. Rc1 Qb5 26. Bc3 g6 27. Qa1 Rfe8 28. Rd1 Qc6 29. g5 Bg7 30. Bd4 f6 31. Nd3 Nxd3 32. gxf6 Nxb4 33. fxg7 Nc2 34. Qc3 Nxd4 35. Qxd4 h5 36. Rd2 Qc7 37. Rb2 Qxg7 38. Qxg7+ Kxg7 39. Rxb7+ Kf6 40. Kf2 Re7 41. Rb5 d4 42. e4 d3 43. Ke1 Kg5 44. Kd2 Kf4 45. c6 Kg3 46. Rd5 Rde8 47. Nf1+ Kxf3 48. Kxd3 Kf4 49. Nd2 h4 50. e5 Rxe5 51. Rd4+ Kg3 52. Ne4+ Kg2 53. Nd6 R8e7 54. Rxh4 R7e6 55. Rd4 Rc5 56. Nb7 Rcxc6 57. Nd8 Kf3 0-1

[Event "Battle of Alberta"]
[Site "Red Deer CAN"]
[Date "1999.08.14"]
[Round "2"]
[White "Dean, Tim"]
[Black "Clark, Alan"]
[Result "0-1"]
[WhiteElo "1953"]
[BlackElo "1948"]
[PlyCount "82"]
[GameId "2160767911742445"]
[EventDate "1999.08.14"]
[EventType "team"]
[EventRounds "2"]
[EventCountry "CAN"]

1. e4 c5 2. Nf3 d6 3. d4 cxd4 4. Nxd4 Nf6 5. Nc3 a6 6. Be2 e5 7. Nb3 Be7 8. Be3 Be6 9. O-O O-O 10. f4 Qc7 11. f5 Bc4 12. g4 Bxe2 13. Qxe2 Qc6 14. Qf3 h6 15. h4 Nh7 16. Qg3 Nf6 17. Nd2 d5 18. exd5 Nxd5 19. Nxd5 Qxd5 20. c4 Qd3 21. Rf3 e4 22. Rf2 Bxh4 23. Qxh4 Qxe3 24. Qe7 Qb6 25. Qxe4 Nc6 26. Nb3 Rfe8 27. Qf4 Ne5 28. c5 Qd8 29. Re2 Nd3 30. Rxe8+ Qxe8 31. Qf3 Qb5 32. Rd1 Nxb2 33. Rd6 Re8 34. Rb6 Qc4 35. Rxb7 Qc2 36. Qf1 Nd3 37. Nd4 Qc4 38. Ne6 fxe6 39. fxe6 Qxg4+ 40. Qg2 Qxg2+ 41. Kxg2 Nxc5 0-1

[Event "Battle of Alberta"]
[Site "Red Deer CAN"]
[Date "1999.08.14"]
[Round "2"]
[White "Grumic, Sasha"]
[Black "Demers, Chris"]
[Result "1-0"]
[WhiteElo "2226"]
[BlackElo "2285"]
[PlyCount "47"]
[GameId "2160767911742446"]
[EventDate "1999.08.14"]
[EventType "team"]
[EventRounds "2"]
[EventCountry "CAN"]

1. e4 e6 2. d4 d5 3. e5 c5 4. c3 Nc6 5. Nf3 f5 6. a3 Qb6 7. b4 c4 8. a4 Bd7 9. Nbd2 Nh6 10. Be2 Nf7 11. h4 g6 12. Nf1 Be7 13. Be3 O-O-O 14. g3 h6 15. Qd2 Rdg8 16. Qa2 Qd8 17. a5 b5 18. axb6 axb6 19. Qa6+ Kc7 20. Bxc4 Bc8 21. Qb5 dxc4 22. d5 Qxd5 23. Qxb6+ Kd7 24. Rd1 1-0